| 000 | 00611cam a2200217 4500500 | ||
|---|---|---|---|
| 005 | 20260329003434.0 | ||
| 041 | _afre | ||
| 042 | _adc | ||
| 100 | 1 | 0 |
_aLegros, Martin _eauthor |
| 245 | 0 | 0 | _aUne histoire d’équilibre |
| 260 | _c2015. | ||
| 500 | _a27 | ||
| 690 | _aAppropriation | ||
| 690 | _aAvoir | ||
| 690 | _aÊtre | ||
| 690 | _aJohn Locke | ||
| 690 | _amesure | ||
| 690 | _aSaint Augustin | ||
| 786 | 0 | _nPhilosophie magazine | 93 | 10 | 2015-10-01 | p. 27-28 | 1951-1787 | |
| 856 | 4 | 1 | _uhttps://shs.cairn.info/magazine-philosophie-magazine-2015-10-page-27?lang=fr&redirect-ssocas=7080 |
| 999 |
_c1824603 _d1824603 |
||